| 000 | 00861cab a2200217 i 4500 | ||
|---|---|---|---|
| 001 | 768714001 | ||
| 003 | CO-MdFUSB | ||
| 005 | 20250718162119.0 | ||
| 008 | 170519s1998 cr ||||| |||| 00| 0 spa d | ||
| 022 | _a1409-1968 | ||
| 040 |
_aCO-MdFUSB _bspa _cCO-MdFUSB _dCO-MdFUSB |
||
| 041 | _apor | ||
| 100 | 1 |
_aPalau, Patricia de _eautor |
|
| 245 | 1 | 0 |
_aCómo dar y recibir críticas _c/ Patricia de Palau |
| 300 |
_aVolumen 15, número 4 (julio - septiembre, 1998), páginas: 58 - 62 _c; 27 cm |
||
| 520 | _aEn la sociedad actual, a las personas no les preocupa el resto del a gente como para hacer algo por ellos, aunque sea una simple corrección. | ||
| 650 | 7 |
_aGestión de conflictos _92119 |
|
| 773 | 0 |
_tApuntes Pastorales _049442 _960168 _gVolumen 15, número 4 (julio - septiembre, 1998), páginas: 58 - 62 _qpágina: 58 |
|
| 942 | _cANA | ||
| 945 | _aJTF-925 | ||
| 999 |
_c58880 _d58880 |
||